Statistics for Градске општине Града Београда

Click here to take the quiz!

General Stats

  • This quiz has been taken 1 875 times
  • The average score is 10 of 17

Answer Stats

Општина% Correct
Нови Београд
88%
Земун
79%
Звездара
73%
Врачар
70%
Палилула
69%
Вождовац
68%
Стари град
67%
Чукарица
55%
Обреновац
54%
Сурчин
54%
Младеновац
53%
Савски венац
52%
Лазаревац
47%
Раковица
47%
Гроцка
42%
Сопот
36%
Барајево
36%

Score Distribution

Percentile by Number Answered

Percent of People with Each Score

Your Score History

You have not taken this quiz